000 01281nam a2200289Ia 4500
001 ebr10082113
003 CaPaEBR
006 m u
007 cr cn|||||||||
008 080411s2004 enkab fsb 001 0 eng d
020 _z9780719064623
040 _aCaPaEBR
_cCaPaEBR
035 _a(OCoLC)251534917
050 1 4 _aHC257.N57
_b.S76 2004eb
082 0 4 _a338.09427/09/033
_222
245 0 4 _aThe First Industrial Region
_h[electronic resource] :
_bNorth-west England, c.1700-60 /
_c by Jon Stobart.
260 _aManchester ;
_aNew York :
_bManchester University Press ;
_aNew York :
_bDistributed exclusively in the USA by Palgrave,
_c2004.
300 _ax, 259 p. :
_bill., maps.
504 _aIncludes bibliographical references and index.
533 _aElectronic reproduction.
_bPalo Alto, Calif. :
_cebrary,
_d2010.
_nAvailable via World Wide Web.
_nAccess may be limited to ebrary affiliated libraries.
650 0 _aIndustries
_zEngland, Northern
_xHistory
_y18th century.
651 0 _aEngland, Northern
_xEconomic conditions.
655 7 _aElectronic books.
_2local
700 1 _aStobart, Jon,
_d1966-
710 2 _aebrary, Inc.
856 4 0 _uhttp://site.ebrary.com/lib/rucke/Doc?id=10082113
_zAn electronic book accessible through the World Wide Web; click to view
999 _c75225
_d75225